Catálogo
 En Linea

Qué pas de trois : (Registro nro. 6925)

Detalles MARC
000 -CABECERA
campo de control de longitud fija 00733cam a2200217 a 4500
001 - NÚMERO DE CONTROL
campo de control 000007144
005 - FECHA Y HORA DE LA ÚLTIMA TRANSACCIÓN
campo de control 20200929154059.0
008 - DATOS DE LONGITUD FIJA--INFORMACIÓN GENERAL
campo de control de longitud fija 931230s1993 pr a 000 0 spa d
040 ## - FUENTE DE LA CATALOGACIÓN
Centro catalogador/agencia de origen DO-SdBNP
Centro/agencia transcriptor DLC
Centro/agencia modificador BNPHU
082 ## - NÚMERO DE LA CLASIFICACIÓN DECIMAL DEWEY
Número de clasificación 792.8028092
Número de documento/Ítem M722q
049 ## - FONDOS LOCALES (OCLC)
Fondos de biblioteca BNGR
100 1# - ENTRADA PRINCIPAL--NOMBRE DE PERSONA
Nombre de persona Molina, Antonio J.
Fechas asociadas al nombre 1928-
9 (RLIN) 3072
245 10 - MENCIÓN DE TÍTULO
Título Qué pas de trois :
Resto del título Alicia Alonso, la revolución cubana y Jorge Esquivel /
Mención de responsabilidad, etc. Antonio J. Molina.
260 ## - PUBLICACIÓN, DISTRIBUCIÓN, ETC.
Lugar de publicación, distribución, etc. Puerto Rico :
Nombre del editor, distribuidor, etc. s.n.,
Fecha de publicación, distribución, etc. 1993.
300 ## - DESCRIPCIÓN FÍSICA
Extensión 159 p. :
Otras características físicas il. ;
Dimensiones 22 cm.
650 #4 - PUNTO DE ACCESO ADICIONAL DE MATERIA--TÉRMINO DE MATERIA
Término de materia o nombre geográfico como elemento de entrada Ballet
Subdivisión geográfica Cuba
Subdivisión general Historia
9 (RLIN) 19822
650 #4 - PUNTO DE ACCESO ADICIONAL DE MATERIA--TÉRMINO DE MATERIA
Término de materia o nombre geográfico como elemento de entrada Bailarines de ballet
Subdivisión geográfica Cuba
Subdivisión general Biografía
9 (RLIN) 19823
600 14 - PUNTO DE ACCESO ADICIONAL DE MATERIA--NOMBRE DE PERSONA
Nombre de persona ALONSO, ALICIA,
Fechas asociadas al nombre 1921-
9 (RLIN) 19824
600 14 - PUNTO DE ACCESO ADICIONAL DE MATERIA--NOMBRE DE PERSONA
Nombre de persona ESQUIVEL, JORGE
9 (RLIN) 19825
910 ## - DATOS DE OPCIÓN DEL USUARIO (OCLC)
Datos de opción del usuario Catalogación por copia / LC
Existencias
Estado de retiro Estado de pérdida Restricciones de uso No para préstamo Código de colección Localización permanente Ubicación/localización actual Ubicación en estantería Fecha de adquisición Número de inventario Total de préstamos Signatura topográfica completa Código de barras Fecha visto por última vez Precio válido a partir de Tipo de ítem Koha
    Préstamo interno   Monografías: Libros y Folletos General General En catalogación 04.09.2009 LF1   792.8028092 M722q 7144-10 25.06.2020 25.06.2020 Préstamo interno

Con tecnología Koha